<The> Contribution of tourism to the long-run Turkish economic growth
Salvato in:
| Autore principale: | |
|---|---|
| Altri autori: | |
| Natura: | Capitolo di libro |
| Lingua: | inglese |
| Soggetti: | |
| Tags: |
Nessun Tag, puoi essere il primo ad aggiungerne!!
|
MARC
| LEADER | 00000naa$a2200000$$$4500 | ||
|---|---|---|---|
| 001 | 0039389 | ||
| 005 | 20231102105559.8 | ||
| 041 | 0 | |a eng | |
| 044 | |a SK | ||
| 245 | 1 | 0 | |a <The> Contribution of tourism to the long-run Turkish economic growth |c Serdar Ongan, Dündar M. Demiröz |
| 610 | 2 | 0 | |a ruch cestovný |
| 610 | 2 | 0 | |a rast hospodársky dlhodobý |
| 610 | 2 | 0 | |a Turecko |
| 610 | 2 | 0 | |a hypotézy |
| 610 | 2 | 0 | |a krajiny rozvojové |
| 100 | 1 | |a Ongan, Serdar | |
| 700 | 1 | |a Demiröz, Dündar M. | |